Vật lý ngớ ngẩn

Giới thiệu những phát minh, những điều kì lạ trong lịch sử khoa học vật lý: giấc mơ bay, định luật Archimedes, những ngôi sao thời trung cổ, lực hút trái đất...

Gardado en:
Detalles Bibliográficos
Autor Principal: Townsend, John
Formato: Libro
Idioma:Undetermined
Publicado: Thành phố Hồ Chí Minh Trẻ 2013
Những chủ đề:
Các nhãn: Engadir etiqueta
Sen Etiquetas, Sexa o primeiro en etiquetar este rexistro!
Thư viện lưu trữ: Trung tâm Học liệu Trường Đại học Cần Thơ
LEADER 00840nam a2200217Ia 4500
001 CTU_181177
008 210402s9999 xx 000 0 und d
020 |c 27000 
082 |a 530.09 
082 |b T747 
100 |a Townsend, John 
245 0 |a Vật lý ngớ ngẩn 
245 0 |c John Townsend ; Nguyễn Tuấn Vũ dịch 
260 |a Thành phố Hồ Chí Minh 
260 |b Trẻ 
260 |c 2013 
520 |a Giới thiệu những phát minh, những điều kì lạ trong lịch sử khoa học vật lý: giấc mơ bay, định luật Archimedes, những ngôi sao thời trung cổ, lực hút trái đất... 
650 |a Physics,Vật lý 
650 |x History,Lịch sử 
904 |i Hải 
980 |a Trung tâm Học liệu Trường Đại học Cần Thơ